Statistics for Minecraft (HARD)

Click here to take the quiz!

General Stats

  • This quiz has been taken 447 times
  • The average score is 9 of 15

Answer Stats

HintAnswer% Correct
To make a full set of diamond armour, you need how many diamonds?24
97%
What common everyday item explodes when used in the Nether?Bed
92%
Ocelots can be tamed with what food?Fish
87%
It is impossible to destroy what material?Bedrock
86%
What is the main boss of the game?Ender Dragon
85%
What item can be crafted from wheat and cocoa beans?Cookie
82%
How many columns of wood can be found in one jungle tree? (answer is a word)Four
73%
What does a Creeper drop when killed with a Skeleton's arrow?Music Disc
73%
Your position in the world is expressed as how many co-ordinates? (answer is a word)Three
73%
The debug screen can be accessed by pressing what key?F3
65%
An achievement can be earned in the Nether for hitting a Ghast's fireball back at it to kill it. What is this achievement called?Return to Sender
60%
Four activities yield experience: killing, mining, smelting and making mobs do what?Breed
48%
A major modpack for the game, in which industrial machinery is introduced to the game, as well as new minerals, items and sounds, is known as what? (either the singleplayer or multiplayer name will do)Tekkit/Technic
16%
What block can be placed in the floor after a 2 block high passage to create a one-way passage?Soul Sand
8%
There is currently a mod in development, in which character classes from the tabletop role-playing game "The World of Darkness", such as vampires, werewolves, ghosts, mages, changelings and hunters, are available to play as. What would be a suitable rhyming name for this mod?WoD MoD
1%

Score Distribution

Percentile by Number Answered

Percent of People with Each Score

Your Score History

You have not taken this quiz